Educación personalizada
Salvato in:
| Autore principale: | |
|---|---|
| Natura: | Libro |
| Lingua: | spagnolo |
| Pubblicazione: |
Madrid
Rialp
1985
|
| Edizione: | 6a. ed |
| Serie: | Biblioteca de educación y ciencias sociales, 11
|
| Soggetti: | |
| Tags: |
Aggiungi Tag
Nessun Tag, puoi essere il primo ad aggiungerne!!
|
MARC
| LEADER | 00000nam a2200000 a 4500 | ||
|---|---|---|---|
| 001 | UCZ0637 | ||
| 003 | CL-VaPUC | ||
| 008 | 950804e19850000SP |||||||||||||||||spa|d | ||
| 082 | 0 | 4 | |a 371.394 |b GAR |2 21 |
| 100 | |a García Hoz, Víctor |e author |9 414544 | ||
| 245 | 1 | 0 | |a Educación personalizada |
| 250 | |a 6a. ed | ||
| 300 | |a 348 p | ||
| 942 | |c BK | ||
| 945 | |d 19950804 00:00:00 |a cmena | ||
| 260 | |a Madrid |b Rialp |c 1985 | ||
| 650 | 7 | |a ENSEÑANZA INDIVIDUALIZADA |2 CL-VaPUC |9 307241 | |
| 650 | 0 | |a Métodos de enseñanza |9 270413 | |
| 650 | 0 | |a Planificación de la educación |9 307333 | |
| 650 | 0 | |a Rol del docente |9 329733 | |
| 650 | 0 | |a Procesos de aprendizaje |9 309161 | |
| 650 | 7 | |a PAPEL DE LA EDUCACION |2 CL-VaPUC |9 338800 | |
| 650 | 7 | |a ORIENTACION EDUCACIONAL |2 CL-VaPUC |9 312512 | |
| 650 | 7 | |a MATERIAL Y EQUIPO DIDACTICOS |2 CL-VaPUC |9 309109 | |
| 650 | 0 | |a Evaluación de la educación |9 237505 | |
| 583 | |a last modification |c 19950804 00:00:00 |k Rodrigo Vera | ||
| 490 | 0 | |a Biblioteca de educación y ciencias sociales, 11 | |
| 999 | |c 237551 |d 237549 | ||
| 952 | |0 0 |1 0 |4 0 |6 371_394000000000000_GAR_1985 |7 0 |8 P |9 246854 |a BIBEDU |b BIBEDU |c BIBEDU_PB |d 2019-11-18 |i 155199K |o 371.394 GAR 1985 |p 155199K |r 2024-01-25 |w 2019-11-18 |y BK |k EDU | ||
| 952 | |0 0 |1 0 |4 0 |6 371_394000000000000_GAR_1985 |7 0 |8 P |9 246855 |a BIBEDU |b BIBEDU |c BIBEDU_PB |d 2019-11-18 |i 1560751 |o 371.394 GAR 1985 |p 1560751 |r 2024-01-25 |w 2019-11-18 |y BK |k EDU | ||
| 952 | |0 0 |1 0 |4 0 |6 371_394000000000000_GAR_1985 |7 0 |8 P |9 246856 |a BIBEDU |b BIBEDU |c BIBEDU_PB |d 2019-11-18 |i 156076K |o 371.394 GAR 1985 |p 156076K |r 2024-01-25 |w 2019-11-18 |y BK |k EDU | ||
| 952 | |0 0 |1 0 |4 0 |6 371_394000000000000_GAR_1985 |7 0 |8 P |9 246857 |a BIBEDU |b BIBEDU |c BIBEDU_PB |d 2019-11-18 |i 1560778 |o 371.394 GAR 1985 |p 1560778 |r 2024-01-25 |w 2019-11-18 |y BK |k EDU | ||